000 00193 a2200097 4500
001 18499
100 _aWiener, N
245 _aCybernetics
260 _a
_bM.I.T press
_c
090 _c13735
_d13735
942 _aNUST-CAE
_cM
_c4153
999 _c253572
_d253572